Health activism: foundations and strategies
Guardat en:
| Autor principal: | |
|---|---|
| Format: | Llibre |
| Idioma: | anglès |
| Publicat: |
Sage Publications
2013
|
| Etiquetes: |
Afegir etiqueta
Sense etiquetes, Sigues el primer a etiquetar aquest registre!
|
MARC
| LEADER | 00000nam a22000007a 4500 | ||
|---|---|---|---|
| 008 | 210121b ||||| |||| 00| 0 eng d | ||
| 020 | |a 978-1-4462-4965-9 | ||
| 100 | |a LAVERACK, Glenn. | ||
| 245 | |a Health activism: foundations and strategies |c Glenn Laverack |g x: 175p; ill. | ||
| 260 | |b Sage Publications |c 2013 |h Los Angeles |i 693279 |i 693280 |l RA427.8 .L38 |m Health promotion. |m Health education. | ||
| 942 | |a lcc |c BK |e YUNUSA, A.A. |f 21/01/2021 | ||
| 952 | |0 0 |1 0 |2 lcc |4 0 |6 RA04278 L38 |7 0 |9 1344 |a HOL |b HE |c QZ |d 2021-01-21 |l 0 |o RA427.8 .L38 |p 2021-0152 |r 2021-01-21 00:00:00 |w 2021-01-21 |y BK | ||
| 952 | |0 0 |1 0 |2 lcc |4 0 |6 RA04278 L38 |7 0 |9 1345 |a HOL |b HOL |c QZ |d 2021-01-21 |l 0 |o RA427.8 .L38 |p 2021-0153 |r 2021-01-21 00:00:00 |w 2021-01-21 |y BK | ||
| 999 | |c 699 |d 699 | ||